Online
Catalog

Cartas a través de la frontera : (Record no. 1061)

MARC details
000 -CABECERA
campo de control de longitud fija 00732cam a2200193 a 4500
001 - NÚMERO DE CONTROL
campo de control 000001102
005 - FECHA Y HORA DE LA ÚLTIMA TRANSACCIÓN
campo de control 20200929145457.0
008 - DATOS DE LONGITUD FIJA--INFORMACIÓN GENERAL
campo de control de longitud fija 720804s1969 ve 000 0 spa
040 ## - FUENTE DE LA CATALOGACIÓN
Centro catalogador/agencia de origen DO-SdBNP
Lengua de catalogación spa
Centro/agencia transcriptor BNPHU
082 ## - NÚMERO DE LA CLASIFICACIÓN DECIMAL DEWEY
Número de clasificación 920
Número de documento/Ítem G768c
100 1# - ENTRADA PRINCIPAL--NOMBRE DE PERSONA
Nombre de persona Grass, Günter,
Fechas asociadas al nombre 1927-
9 (RLIN) 3769
245 10 - MENCIÓN DE TÍTULO
Título Cartas a través de la frontera :
Resto del título tentativa de diálogo entre Este y Oeste /
Mención de responsabilidad, etc. Günter Grass, Pavel Kohout ; prólogo de Dieter E. Zimmer.
260 ## - PUBLICACIÓN, DISTRIBUCIÓN, ETC.
Lugar de publicación, distribución, etc. Caracas :
Nombre del editor, distribuidor, etc. Mone Ávila,
Fecha de publicación, distribución, etc. 1969.
300 ## - DESCRIPCIÓN FÍSICA
Extensión 113 p. : ;
Dimensiones 20 cm.
440 #0 - MENCIÓN DE SERIE/PUNTO DE ACCESO ADICIONAL--TÍTULO
Título Prisma
9 (RLIN) 3770
600 14 - PUNTO DE ACCESO ADICIONAL DE MATERIA--NOMBRE DE PERSONA
Nombre de persona GRASS, GUNTER
Fechas asociadas al nombre 1927-
Subdivisión general CORRESPONDENCIA, MEMORIAS, ETC.
9 (RLIN) 3771
600 14 - PUNTO DE ACCESO ADICIONAL DE MATERIA--NOMBRE DE PERSONA
Nombre de persona KOHOUT, PAVEL
Fechas asociadas al nombre 1928-
Subdivisión general CORRESPONDENCIA, MEMORIAS, ETC.
9 (RLIN) 3772
700 1# - PUNTO DE ACCESO ADICIONAL--NOMBRE DE PERSONA
Nombre de persona Zimmer, Dieter E.
Término indicativo de función/relación pról.
9 (RLIN) 3773
Holdings
Estado de retiro Estado de pérdida Restricciones de uso No para préstamo Código de colección Localización permanente Ubicación/localización actual Ubicación en estantería Fecha de adquisición Número de inventario Total de préstamos Signatura topográfica completa Código de barras Fecha visto por última vez Precio válido a partir de Tipo de ítem Koha
      Préstamo en sala Dominicana de Servicio Biblioteca Nacional Pedro Henríquez Ureña Biblioteca Nacional Pedro Henríquez Ureña Depósito 03.07.2009 LF1   920 G768c 1102-10 25.06.2020 25.06.2020 Libros y folletos

Powered by Koha